| 000 | 01083nam a2200289 i 4500 | ||
|---|---|---|---|
| 001 | 000025701 | ||
| 003 | DO-SdBNP | ||
| 005 | 20240112133310.0 | ||
| 007 | ta | ||
| 008 | 110221s1992 dr 000 0 spa d | ||
| 040 |
_aDO-SdBNP _bspa _cBNPHU _erda |
||
| 082 | 4 |
_a327.729307294 _bA977r _222 |
|
| 245 | 0 | 0 |
_aAyiti, República Dominicana : _ben el lumbral de los años 90 / |
| 264 |
_aPuerto-Principe, Haití : _bCentro de Investigación y Promoción Social, _c1992. |
||
| 300 |
_a159 páginas : _bilustraciones ; _c22 cm. |
||
| 336 |
_2rdacontent _atexto _btxt |
||
| 337 |
_2rdamedia _asin mediación _bn |
||
| 338 |
_2rdacarrier _avolumen _bnc |
||
| 500 | _aPublicado originalmente en francés por CRESDIP en 1990. | ||
| 504 | _aBibliografía: p. 159 | ||
| 590 | _aInventariado, 2023/MFF | ||
| 651 | 4 |
_aHaití _xRelaciones _zRepública Dominicana _92614 |
|
| 651 | 4 |
_aRepública Dominicana _xRelaciones _zHaití _95153 |
|
| 710 | 2 |
_aCentro de Investigación y Promoción Social (República Dominicana) _984717 |
|
| 910 | _aValidado. Control de calidad MFF | ||
| 942 |
_2ddc _cLBS1 |
||
| 999 |
_c25193 _d25193 |
||